000 01122naa a22003137a 4500
001 BR9210863
003 BR-BrBNA
005 20250721155420.0
007 ta
008 250630b bl.|||m| |||| 00| 0 por d
040 _aBR-BrBNA
_bpor
_cBiblioteca Nacional de Agricultura
041 _a(Pt)
072 _aQ02
_b2320
_bG514
090 _aQ02 BR9210863
100 1 _aQueiroz, A.G.
100 1 _aLima Filho, S. da S.
100 1 _aPonte, M.X.
100 1 _aRendeiro, G.
111 1 _a1. Simposio do Tropico Umido
_cBelem, PA (Brazil)
_d12-17 Nov 1984
245 1 _aSecagem solar de pimenta-do-reino na Amazonia
500 _aAnais do 1. Simposio do Tropico Umido Brasilia, DF (Brasil): 1986. p. 405-410 [8 illus.; 5 ref.; Summaries (En, Pt)] (BR9210863-AMS)
773 0 _tAnais do 1. Simposio do Tropico Umido
_b
_wQ02 BR9210863
_gBrasilia, DF (Brasil), 1986. p. 405-410
650 _aPIMENTA DO REINO
650 _aSECAGEM
650 _aAMAZONIA
490 _aDocumentos - Centro de Pesquisa Agropecuaria do Tropico Umido (Brazil)
_vno. 36
942 _cAMS
_2AGRIS
909 _a202506
_bLúcia
_c55
_dLúcia Elande
999 _c336372
_d336372